000
00293nam a22001217a 4500
040
_c
SK
082
_a
560
100
_a
DEP SINATH; ដិប ស៊ីណាត
245
_a
Bioclimatologie; ជីវះអាកាសធាតុ
260
_a
RUA
_b
DEP
_c
1994
300
_a
43p.
942
_c
KB
999
_c
8837
_d
8837